<?xml version="1.0" encoding="UTF-8"?>
<record
    xmlns:xsi="http://www.w3.org/2001/XMLSchema-instance"
    xsi:schemaLocation="http://www.loc.gov/MARC21/slim http://www.loc.gov/standards/marcxml/schema/MARC21slim.xsd"
    xmlns="http://www.loc.gov/MARC21/slim">

  <leader>01760nam a2200313 a 4500</leader>
  <controlfield tag="003">DO-SdBNP</controlfield>
  <controlfield tag="005">20250108133159.0</controlfield>
  <controlfield tag="007">ta</controlfield>
  <controlfield tag="008">250108e2013    sp ||||er|||| 000 fdspa d</controlfield>
  <datafield tag="020" ind1=" " ind2=" ">
    <subfield code="a">9789945489712</subfield>
  </datafield>
  <datafield tag="040" ind1=" " ind2=" ">
    <subfield code="a">DO-SdBNP</subfield>
    <subfield code="b">spa</subfield>
    <subfield code="c">BNPHU</subfield>
    <subfield code="e">rda</subfield>
  </datafield>
  <datafield tag="041" ind1=" " ind2=" ">
    <subfield code="h">spa</subfield>
  </datafield>
  <datafield tag="082" ind1=" " ind2="4">
    <subfield code="a">305.52</subfield>
    <subfield code="b">R789d</subfield>
    <subfield code="2">22</subfield>
  </datafield>
  <datafield tag="100" ind1="1" ind2=" ">
    <subfield code="a">Rosario, Esteban</subfield>
    <subfield code="e">autor</subfield>
    <subfield code="9">7082</subfield>
  </datafield>
  <datafield tag="245" ind1="1" ind2="0">
    <subfield code="a">Los due&#xF1;os de la Rep&#xFA;blica Dominicana /</subfield>
    <subfield code="c">Esteban Rosario</subfield>
  </datafield>
  <datafield tag="264" ind1=" " ind2=" ">
    <subfield code="a">Santo Domingo : </subfield>
    <subfield code="b">Santuario,</subfield>
    <subfield code="c">2013</subfield>
  </datafield>
  <datafield tag="300" ind1=" " ind2=" ">
    <subfield code="a">352 p&#xE1;ginas. ;</subfield>
    <subfield code="c">24 cm.</subfield>
  </datafield>
  <datafield tag="336" ind1=" " ind2=" ">
    <subfield code="a">rdacontent</subfield>
    <subfield code="b">texto</subfield>
    <subfield code="2">txt</subfield>
  </datafield>
  <datafield tag="337" ind1=" " ind2=" ">
    <subfield code="a">rdamedia</subfield>
    <subfield code="b">sin mediaci&#xF3;n</subfield>
    <subfield code="2">n</subfield>
  </datafield>
  <datafield tag="338" ind1=" " ind2=" ">
    <subfield code="a">rdacarrier</subfield>
    <subfield code="b">volumen</subfield>
    <subfield code="2">nc</subfield>
  </datafield>
  <datafield tag="505" ind1=" " ind2=" ">
    <subfield code="a">Familia Vicini-Cabral 1 -- Familia Bonetti 27 -- Familia Barcelo 31 -- Familia Villella-San Miguel 37 -- Familia Hazin Azar-Frapier 38 -- Familia Corripio C&#xE1;ceres 40 -- Familia Troncoso 43 -- Familia Troncoso-C&#xE1;ceres 44 -- Familia Brugal 46 -- Familia Ariza 48 -- Familia E. Le&#xF3;n Jim&#xE9;nez 52 -- Familia Peynado 53 -- Familia Armenteros 55 -- Familia Hach&#xE9; 57 -- Familia Vitienes 58 -- Familia Pellerano-Ricart Romano 60 -- Los viejos Ricos Dom 72 -- &#xC1;rbol Geneal&#xF3;gico de la Oligarqu&#xED;a Dom 85 -- Concentraci&#xF3;n de la Tierra y Monopolios Agr&#xED;colas 99 -- Control de Organismos de Decisi&#xF3;n del Estado 135 -- Control de las Instituciones sin fines de lucro 146 -- Control de las Universidades Privadas 174 -- Los Due&#xF1;os de la Gran Industria 191 -- Oligarqu&#xED;a y Capital Extranjero 206 -- Inversiones Tur&#xED;sticas 220 -- No pagan Luz ni Agua y les exonera 225 -- Sector Financiero 232</subfield>
  </datafield>
  <datafield tag="590" ind1=" " ind2=" ">
    <subfield code="a">Inventariado 2025 / DG</subfield>
  </datafield>
  <datafield tag="650" ind1=" " ind2="4">
    <subfield code="a">Millonarios</subfield>
    <subfield code="9">80984</subfield>
  </datafield>
  <datafield tag="650" ind1=" " ind2="4">
    <subfield code="a">Oligarqu&#xED;a</subfield>
    <subfield code="9">596</subfield>
  </datafield>
  <datafield tag="650" ind1=" " ind2="0">
    <subfield code="a">Novela dominicana</subfield>
    <subfield code="9">223</subfield>
  </datafield>
  <datafield tag="650" ind1=" " ind2="0">
    <subfield code="a">Riqueza</subfield>
    <subfield code="9">86879</subfield>
  </datafield>
  <datafield tag="910" ind1=" " ind2=" ">
    <subfield code="a">DG</subfield>
  </datafield>
  <datafield tag="942" ind1=" " ind2=" ">
    <subfield code="2">ddc</subfield>
    <subfield code="c">LBS1</subfield>
  </datafield>
  <datafield tag="952" ind1=" " ind2=" ">
    <subfield code="0">0</subfield>
    <subfield code="1">0</subfield>
    <subfield code="2">ddc</subfield>
    <subfield code="5">1</subfield>
    <subfield code="7">0</subfield>
    <subfield code="8">PD</subfield>
    <subfield code="a">BNPHU</subfield>
    <subfield code="b">BNPHU</subfield>
    <subfield code="c">CT</subfield>
    <subfield code="d">2025-01-08</subfield>
    <subfield code="e">Donado por la Presidencia de la Rep&#xFA;blica Dominicana 2023</subfield>
    <subfield code="l">0</subfield>
    <subfield code="o">BNPHU PD 305.52 R789d</subfield>
    <subfield code="p">2025-0044</subfield>
    <subfield code="r">2025-01-08</subfield>
    <subfield code="w">2025-01-08</subfield>
    <subfield code="y">LBS1</subfield>
    <subfield code="z">Pertenecio a la biblioteca personal de Ren&#xE9; Rodr&#xED;guez Soriano</subfield>
  </datafield>
  <datafield tag="999" ind1=" " ind2=" ">
    <subfield code="c">58005</subfield>
    <subfield code="d">58005</subfield>
  </datafield>
</record>
